Správa o 26. schôdzi Národnej rady Slovenskej republiky 13. rokovací deň - 15. februára 2000 : 14. rokovací deň - 16. februára 2000 (a) : II. volebné obdobie VII. časť

Bibliographic Details
Corporate Author: Slovensko. Národná rada (Author)
Format: Book
Language:Slovak
PhysicalDescription:S. 1705-1982 20 cm
Published: Bratislava Kancelária Národnej rady SR 2000
Subjects:

MARC

LEADER 00000cam a2200000 a 4500
001 vtls001413763
003 SK-MaSNL
005 20260425225158.0
008 240226s2000 xo f o100 0 slo
015 |a SNBI2001/04-02846 
020 |q (brož.) 
035 |a SNK000368490 
035 |a urn:nbn:sk:snk-amjd0a 
035 |a urn:nbn:sk:snk-am002kuk 
035 |a D0D8DF16-BBC5-4117-A820-A455B686B6CE 
040 |a SNK  |b slo  |c SNK  |e AACR2 
041 0 |a slo 
044 |a xo  |c SK 
080 |a 328.1(437.6)(055)  |2 1981 
110 1 |a Slovensko.  |b Národná rada  |4 aut  |9 165573 
245 1 0 |a Správa o 26. schôdzi Národnej rady Slovenskej republiky  |b 13. rokovací deň - 15. februára 2000 : 14. rokovací deň - 16. februára 2000 (a) : II. volebné obdobie  |n VII. časť 
260 |a Bratislava  |b Kancelária Národnej rady SR  |c 2000 
300 |a S. 1705-1982  |c 20 cm 
500 |a Obalový názov 
610 1 7 |a Slovensko.  |b Národná rada  |2 SNKKA  |9 165573 
648 7 |a 2000  |2 SNKPH  |9 295137 
650 0 7 |a zasadania  |2 SNKPH  |9 284751 
651 7 |a Bratislava (Slovensko)  |2 SNKPH  |9 14568 
655 7 |a uznesenia  |2 SNKPH  |9 70216 
958 |a TL 
999 |c 640015  |d 641945 
952 |t P60, <03>, [BOOK], {603}  |a SNK  |b SNK  |y PREZ  |7 0  |p 17A0302446  |o snkSD 71574  |i snkKSP 6623/2001  |0 0  |1 0  |4 0  |d 2001-05-28  |l 0  |r 2005-01-02 00:00:00  |w 2026-02-23 
952 |t P60, <04>, [BOOK], {604}  |a SNK  |b SNK  |y VYP  |7 0  |p 17A0305727  |o snkSD 71574 D1  |i snkKSP 7512/2001  |0 0  |1 0  |4 0  |d 2001-10-02  |f 1  |l 0  |r 2005-01-02 00:00:00  |w 2026-02-23